000 00791nam a2200253 i 4500
001 142843
003 ES-MaACL
005 20240310062956.0
007 t|
008 071010s1973 sp ||||1| spa d
040 _cES-MaACL
080 _a78 Serrano, José
080 _a782.6(091)
100 1 _aVidal Corella, Vicente,
_d1905-1992
_eaut
_9114475
245 1 3 _aEl maestro Serrano y los felices tiempos de la zarzuela /
_cVicente Vidal Corella.
260 _aValencia :
_bPrometeo,
_c[1973]
300 _a201 páginas ;
_c21 cm.
600 1 4 _aSerrano, José,
_d1873-1941
_9105700
650 1 4 _aZarzuela-
_vHistoria.
_917862
852 _aES-MaACL
_bR.87752
_cDEPO2
_jC-55239
942 _cMONOGRAFIA
_n0
999 _c142843
_d142843